The Prophet: (Record no. 163746)

MARC details
000 -LEADER
fixed length control field 00613nam a2200193 4500
005 - DATE AND TIME OF LATEST TRANSACTION
control field 20191104135631.0
010 ## - LCCN (DPL NO)
LC control number B-120469
020 ## - INTERNATIONAL STANDARD BOOK NUMBER
International Standard Book Number 8170207711
Terms of availability 00.00
035 ## - SYSTEM CONTROL NUMBER
System control number B-120469
037 ## - SOURCE OF ACQUISITION
Source of stock number/acquisition DBAD/PUB
082 ## - DEWEY DECIMAL CLASSIFICATION NUMBER
Classification number 270
100 ## - MAIN ENTRY--PERSONAL NAME
Personal name Wazir, Muhammad Shaikh
245 ## - TITLE STATEMENT
Title The Prophet:
Remainder of title Life of muhammad/
Statement of responsibility, etc Wazir Muhammad Shaikh
260 ## - PUBLICATION, DISTRIBUTION, ETC. (IMPRINT)
Place of publication, distribution, etc New Delhi
Name of publisher, distributor, etc Cosmo publications
Date of publication, distribution, etc 1998
270 ## - ADDRESS
Address 24-B,Ansari road,Darya ganj,
City New Delhi
Postal code 110002
300 ## - PHYSICAL DESCRIPTION
Extent 347p.
Dimensions 21cms(hbk)
942 ## - ADDED ENTRY ELEMENTS (KOHA)
Source of classification or shelving scheme Dewey Decimal Classification
Item type English Books
Classification part 270
Call number suffix WAZ
Holdings
Withdrawn status Lost status Not for loan Collection code Home library Current library Date acquired Source of acquisition Cost, normal purchase price Full call number Barcode Copy number Cost, replacement price Koha item type
      Non-fiction Central Library Central Library 29/04/2019 DBAD/PUB 0.00 270 WAZ B-120469 1 0.00 English Books

© Delhi Public Library
Hit Counter
free hit counter